000 00527nam a2200193Ia 4500
005 20250508151128.0
008 008 250505s9999 xx 000 0 hin d
037 _aTextual
040 _aFEDL
_beng
_cFEDL
041 _ahin
_2eng
084 _a150, KAS
_qFEDL
100 _aKasyap Arjun Chobey
_9758471
245 0 _aSanshipt samanya manovigyan
260 _aGaya
_bRajrajeshwari Pustkalaya India
_c1952
300 _axv,443
650 _aPsychology
942 _cTEXL
_h150, KAS
999 _c1327754
_d1327754